000 00695nas a2200241 4500
001 BR0102223
003 BR-BrBNA
005 20231205102237.0
007 ta
008 230509b bl.|||p| |||| 00| 00por d
040 _aBR-BrBNA
_bpor
_cBiblioteca Nacional de Agricultura
041 _a(Pt)
072 _aE70; E16
100 1 _aSouza, F.A. de A.
245 1 _aUma visao de agribusiness
650 _aEquino
650 _aAgribusiness
650 _aPesquisa de Mercado
650 _aEstatistica de Producao
773 0 _tRevista de Educacao Continuada (Brazil)
_xISSN 1516-3326
_g(1999), v. 2(3) p. 38-45
_wBR0102223
909 _a202311
_bLúcia
_c55
_dLúcia Elande
942 _2AGRIS
_n0
_cANA
999 _c166520
_d166520